000 00416 a2200157 4500
003 Nust
005 20170207171611.0
040 _cNust
082 _a621.382
100 _aNiaz Muhammad (MSEE-18)
245 _aDesign, Fabrication and Characterization of High Gain Cavity Resonator Antenna
_cNiaz Muhammad
260 _aRawalpind
_bMCS,NUST
_cJanuary 2016
300 _axi, 67 p
650 _aPG Thesis
651 _aMSEE-18
942 _cTHS
999 _c217732
_d217732